| 000 | 00560nam a2200205Ia 4500 | ||
|---|---|---|---|
| 003 | SISC | ||
| 005 | 20180927130744.0 | ||
| 008 | 180918s9999 xx 000 0 und d | ||
| 020 | _a9781631893377 | ||
| 050 |
_aPN 4784 .Q6 _b.H313 2016 |
||
| 100 | _aHarris, Frank III | ||
| 245 |
_cFrank Harris III _aThe Craft of quoting: _bthe art of writing it like it's said/ |
||
| 250 | _a1st ed. | ||
| 260 |
_aUS: _bCognella, Inc. _c2016 |
||
| 300 |
_a74 pages : _c22 cm. |
||
| 500 | _aincludes index | ||
| 650 | _aJournalism | ||
| 942 |
_2lcc _cBK |
||
| 999 |
_c358781 _d358781 |
||